Przebieg Linii tramwajowej nr 10 Ulicami we Wrocławiu - Statystyki

Ogólne statystyki
  • Ten quiz został rozwiązany 10 razy
  • Średni wynik to 9 z 23
Statystyki odpowiedzi
Odpowiedź % Poprawnych
Leśnica
78%
Biskupin
67%
Kosmonautów
67%
Legnicka
56%
Lotnicza
56%
Olszewskiego
56%
Skłodowskiej
56%
Skłodowskiej
56%
Kazimierza Wielkiego
44%
Szczytnicka
44%
Wróblewskiego
44%
Wyszyńskiego
44%
Wyszyńskiego
44%
most Pokoju
33%
most Zwierzyniecki
33%
pl. Społeczny
33%
pl. Dominikański
22%
pl. Jana Pawła II
22%
Średzka
22%
Rondo Regana peron 1
11%
św. Mikołaja
11%
Traugutta
11%
Wajdy
0%
Nie znaleziono quizów pasujących do podanych kryteriów
Rozkład punktacji
Procent ludzi z każdym wynikiem
Percentyl według liczby udzielonych odpowiedzi
Twoja historia wyników
Nie rozwiązałeś tego quizu